Výkriky do tváre sveta

Bibliographic Details
Main Author: Zambor, Ján, 1947- (Author)
Format: Article
Language:Slovak
ISSN:0231-6714
Subjects:

MARC

LEADER 00000nab a2200000 a 4500
001 vtls000544628
003 SK-MaSNL
005 20260304090914.0
008 250425c1995 xo 0 slo
015 |a SNBRB19rr/mm-uuuuu 
035 |a CL0544766 
035 |a urn:nbn:sk:snk-abf6i1 
035 |a (urnnbn)urn:nbn:sk:snk:ar-000278 
035 |a (uuid)124d0b0e-aa5c-44d0-abe9-f3dd57c370f1 
040 |a SNKBUCL  |b slo  |c SNKBUCL  |e AACR2 
041 0 |a slo 
044 |a xo  |c SK 
080 |a 82.09:885.4-1(048)  |2 1981 
080 |a 885.4-1(048)  |2 1981 
080 |a 885.4-3(048)  |2 1981 
100 1 |a Zambor, Ján,  |d 1947-  |4 aut  |9 106743 
245 1 0 |a Výkriky do tváre sveta  |c Ján Zambor 
650 0 7 |a slovenská poézia  |2 snkbucl  |9 215422 
655 7 |a recenzie  |2 snkbucl  |9 21907 
655 7 |a články z novín a časopisov  |2 snkbucl  |9 267496 
773 0 |t Romboid  |g Roč. 30, č. 2 (1995), s. 28-29  |x 0231-6714 
787 0 8 |i Rec.:  |a Štrpka, Ivan  |t Tristan tára  |d Bratislava : Smena, 1971 
850 |a Slovenská národná knižnica 
852 |a Slovenská národná knižnica 
954 |a odborná, vedecká literatúra pôvodná (slovenská)  |2 lita 
958 |a article23 
958 |a OND 
958 |a RK 
958 |a LX 
958 |a SK 
958 |a EUIPO 
992 |a RBX 
999 |c 2813281  |d 2815211